[Event "4NCL Division 3 South"]
[Site "Milton Keynes, ENG"]
[Date "2022.06.25"]
[Round "7.11"]
[White "Wilson, Jaimie"]
[Black "Zhang, Anthony Y"]
[Result "1/2-1/2"]
[WhiteElo "2100"]
[BlackElo "2253"]
[PlyCount "108"]
[EventDate "2022.06.25"]
[WhiteTeam "Wessex Some Stars A"]
[BlackTeam "SchachAttack"]

1. e4 c5 2. Nf3 Nc6 3. Bb5 g6 4. O-O Bg7 5. Re1 Nf6 6. c3 O-O 7. d3 d5 8. Nbd2
Qc7 9. h3 a6 10. Ba4 dxe4 11. dxe4 b5 12. Bc2 e5 13. Qe2 Nd7 14. a4 Rb8 15. Nf1
c4 16. Ne3 Ne7 17. axb5 axb5 18. Rd1 Nc5 19. Nd5 Nxd5 20. exd5 Rd8 21. Bg5 f6
22. Be3 Bf8 23. Nh4 Bd6 24. Rd2 Qe7 25. Nf3 Bd7 26. Rdd1 Be8 27. Nd2 Bf7 28. b4
cxb3 29. Nxb3 Nxb3 30. Bxb3 Rdc8 31. Ra7 Rb7 32. Rxb7 Qxb7 33. c4 bxc4 34. Bxc4
Ra8 35. Qc2 Qc7 36. Qd3 Ra3 37. Qe2 Qa5 38. Qd2 Qa8 39. Qb2 Ra4 40. Qb6 Qb8 41.
Qxb8+ Bxb8 42. Rb1 Bc7 43. Bb3 Rb4 44. Rc1 Rxb3 45. Rxc7 Bxd5 46. Bh6 Rb7 47.
Rxb7 Bxb7 48. h4 Kf7 49. f4 e4 50. f5 Bc8 51. fxg6+ Kxg6 52. Bf4 Kf5 53. g3 Kg4
54. Kf2 h5 {#d} 1/2-1/2

[Event "4NCL Division 3 South"]
[Site "Milton Keynes, ENG"]
[Date "2022.06.25"]
[Round "7.12"]
[White "Waller, Dan"]
[Black "Lukosius, Rolandas"]
[Result "1-0"]
[WhiteElo "2099"]
[BlackElo "2039"]
[PlyCount "83"]
[EventDate "2022.06.25"]
[WhiteTeam "SchachAttack"]
[BlackTeam "Wessex Some Stars A"]

1. e4 c5 2. Nf3 Nc6 3. Bb5 g6 4. Bxc6 dxc6 5. d3 Bg7 6. h3 Nf6 7. Nc3 e5 8.
Nxe5 Nxe4 9. Nxe4 Bxe5 10. O-O c4 11. Re1 O-O 12. Nd2 Bc7 13. Nxc4 b5 14. Nd2
Qd6 15. Nf3 Bb7 16. Bg5 Rfe8 17. Bh4 Ba5 18. c3 c5 19. Bg3 Qd5 20. Qd2 Rxe1+
21. Rxe1 Kg7 22. Be5+ f6 23. Bxf6+ Kxf6 24. Qf4+ Qf5 25. Qd6+ Kg7 26. Re7+ Kg8
27. Rxb7 Re8 28. Rxa7 Bd8 29. Qd7 Qxd7 30. Rxd7 b4 31. cxb4 cxb4 32. Rb7 Ba5
33. Kf1 Rc8 34. Rb5 Ra8 35. d4 Kf7 36. Ke2 Ke6 37. Kd3 Kd6 38. Kc4 Rc8+ 39. Rc5
Ra8 40. Ne5 b3 41. axb3 Be1 42. f3 {#r} 1-0

[Event "4NCL Division 3 South"]
[Site "Milton Keynes, ENG"]
[Date "2022.06.25"]
[Round "7.13"]
[White "Cooper, Paul F"]
[Black "Nicholas, Koichi B"]
[Result "0-1"]
[WhiteElo "2026"]
[BlackElo "2102"]
[PlyCount "68"]
[EventDate "2022.06.25"]
[WhiteTeam "Wessex Some Stars A"]
[BlackTeam "SchachAttack"]

1. c4 c5 2. Nc3 Nc6 3. Nf3 Nf6 4. g3 g6 5. Bg2 Bg7 6. O-O O-O 7. d4 cxd4 8.
Nxd4 Ng4 9. e3 d6 10. b3 a6 11. Bb2 Nxd4 12. exd4 Rb8 13. h3 Nh6 14. b4 Nf5 15.
Ne2 Be6 16. Qc2 Rc8 17. d5 Bd7 18. Bxg7 Nxg7 19. Rfc1 Rc7 20. Nd4 Nf5 21. Nb3
Qa8 22. Kh2 Rfc8 23. Qe4 Ba4 24. Bf1 Qa7 25. Kg2 e6 26. Re1 exd5 27. cxd5 Rc2
28. Re2 R2c4 29. Qb1 Rxb4 30. Re4 Qb6 31. g4 Bxb3 32. Rxb4 Qxb4 33. axb3 Nh4+
34. Kh1 Qd4 {#R} 0-1

[Event "4NCL Division 3 South"]
[Site "Milton Keynes, ENG"]
[Date "2022.06.25"]
[Round "7.14"]
[White "Moyse, Nigel John"]
[Black "Goater, Kevin P"]
[Result "0-1"]
[WhiteElo "2010"]
[BlackElo "2032"]
[PlyCount "96"]
[EventDate "2022.06.25"]
[WhiteTeam "SchachAttack"]
[BlackTeam "Wessex Some Stars A"]

1. d4 c6 2. Nf3 Nf6 3. Bf4 d6 4. e3 Nh5 5. Bg5 Bf5 6. Nbd2 h6 7. Bh4 g5 8. h3
Be6 9. Ng1 Ng7 10. Bg3 Qb6 11. Qc1 Nd7 12. Bd3 f5 13. Ne2 Bf7 14. c3 e5 15. Bh2
Be7 16. dxe5 dxe5 17. O-O O-O 18. Qc2 Be6 19. Bc4 Rf6 20. Rfd1 Rd8 21. b4 Kh8
22. Qb3 Qc7 23. Bxe6 Rxe6 24. Nd4 Rf6 25. N4f3 f4 26. Ne4 Rff8 27. Kh1 Nf6 28.
Nxf6 Bxf6 29. Nd2 Nf5 30. Ne4 Bg7 31. Rxd8 Qxd8 32. Rd1 Qe7 33. exf4 exf4 34.
Qc2 b6 35. Qd2 Qxe4 36. Qd7 Bxc3 37. f3 Qe2 38. Bg1 Ne3 39. Bxe3 Qxe3 40. Qxc6
Bg7 41. Rd6 Qe7 42. Rd7 Qe1+ 43. Kh2 Re8 44. Rd1 Qg3+ 45. Kg1 Bd4+ 46. Kh1 Re1+
47. Rxe1 Qxe1+ 48. Kh2 Qg1# 0-1

[Event "4NCL Division 3 South"]
[Site "Milton Keynes, ENG"]
[Date "2022.06.25"]
[Round "7.15"]
[White "Pleasants, Allan J"]
[Black "Alizada, Eldar"]
[Result "1-0"]
[WhiteElo "2016"]
[BlackElo "2059"]
[PlyCount "109"]
[EventDate "2022.06.25"]
[WhiteTeam "Wessex Some Stars A"]
[BlackTeam "SchachAttack"]

1. Nf3 Nf6 2. g3 e6 3. Bg2 Be7 4. O-O O-O 5. d3 d5 6. Nbd2 c5 7. e4 Nc6 8. Qe2
Qc7 9. Re1 b5 10. Nf1 d4 11. e5 Nd5 12. Ng5 h6 13. Nh3 Rd8 14. Nf4 Nxf4 15.
gxf4 Bb7 16. f5 exf5 17. Ng3 Bf8 18. Nxf5 Re8 19. Bf4 Nb4 20. Nxh6+ gxh6 21.
Qg4+ Kh8 22. e6 Bd6 23. Bxd6 Qxd6 24. exf7 Rg8 25. fxg8=Q+ Rxg8 26. Re6 Rxg4
27. Rxd6 Rxg2+ 28. Kf1 Rxh2 29. Ke2 Bg2 30. a4 bxa4 31. Rxa4 a6 32. c3 dxc3 33.
bxc3 Nd5 34. Raxa6 Nf4+ 35. Ke3 Nd5+ 36. Kd2 Ne7 37. Rd7 Ng8 38. Raa7 Nf6 39.
Rf7 Kg8 40. Rxf6 Bd5 41. c4 Bh1 42. Rc7 Rh5 43. Rb6 Rf5 44. Rb8+ Rf8 45. Rxf8+
Kxf8 46. Rh7 Bf3 47. Rxh6 Ke7 48. Ke3 Ba8 49. Kf4 Bg2 50. Ke5 Kd7 51. f4 Bf1
52. f5 Ke7 53. Rd6 Bh3 54. f6+ Kf7 55. Kd5 {#r} 1-0

[Event "4NCL Division 3 South"]
[Site "Milton Keynes, ENG"]
[Date "2022.06.25"]
[Round "7.16"]
[White "Burrows, Nick"]
[Black "Westrap, Christian F"]
[Result "1/2-1/2"]
[WhiteElo "2029"]
[BlackElo "1982"]
[PlyCount "68"]
[EventDate "2022.06.25"]
[WhiteTeam "SchachAttack"]
[BlackTeam "Wessex Some Stars A"]

1. d4 d5 2. Bf4 c5 3. e3 Nc6 4. c3 Bf5 5. Nd2 e6 6. Qb3 Qb6 7. Ngf3 Nf6 8. h3
h6 9. Be2 c4 10. Qxb6 axb6 11. O-O Be7 12. Rfe1 b5 13. a3 O-O 14. Ne5 Nxe5 15.
Bxe5 Nd7 16. Bg3 Nb6 17. f3 Bg5 18. Bd1 Rfc8 19. Rc1 b4 20. axb4 Ra2 21. h4
Rxb2 22. hxg5 Rxd2 23. e4 Bg6 24. gxh6 Ra8 25. Bf4 Rb2 26. Rc2 Rb1 27. Rc1 Rxc1
28. Bxc1 Ra1 29. Bc2 gxh6 30. Kf1 Kh7 31. Bf4 Ra3 32. Re3 Ra2 33. Re2 Ra3 34.
Re3 Ra2 {#d} 1/2-1/2

[Event "4NCL Division 3 South"]
[Site "Milton Keynes, ENG"]
[Date "2022.06.25"]
[Round "7.21"]
[White "Hughes, Roy"]
[Black "Harley, Andrew D"]
[Result "1/2-1/2"]
[WhiteElo "2102"]
[BlackElo "2174"]
[PlyCount "48"]
[EventDate "2022.06.25"]
[WhiteTeam "Iceni 1"]
[BlackTeam "Poisoned Pawns"]

1. d4 e6 2. Nf3 Nf6 3. g3 b5 4. Bg2 Bb7 5. a4 b4 6. c4 bxc3 7. Nxc3 Bb4 8. O-O
O-O 9. a5 Na6 10. Bd2 c5 11. dxc5 Bxc5 12. Na4 Be7 13. Rc1 Bc6 14. Ne5 Bxg2 15.
Kxg2 Qb8 16. Nd3 Qb7+ 17. Kg1 Rac8 18. Rxc8 Rxc8 19. Qb1 Nb4 20. Rc1 Rxc1+ 21.
Qxc1 Nxd3 22. exd3 Nd5 23. Qc4 h6 24. b3 a6 {#d} 1/2-1/2

[Event "4NCL Division 3 South"]
[Site "Milton Keynes, ENG"]
[Date "2022.06.25"]
[Round "7.22"]
[White "Pickard, Charles"]
[Black "Sagues, Vincent"]
[Result "1/2-1/2"]
[WhiteElo "2112"]
[BlackElo "2050"]
[PlyCount "35"]
[EventDate "2022.06.25"]
[WhiteTeam "Poisoned Pawns"]
[BlackTeam "Iceni 1"]

1. c4 Nf6 2. Nf3 c6 3. g3 d5 4. b3 Bf5 5. Bb2 e6 6. Bg2 Nbd7 7. O-O h6 8. d3
Be7 9. Nbd2 O-O 10. d4 Ne4 11. Ne1 Nxd2 12. Qxd2 Bf6 13. Rc1 Re8 14. Nd3 Qb6
15. e3 Qa6 16. Nb4 Qb6 17. Nd3 Qa6 18. Nb4 {#d} 1/2-1/2

[Event "4NCL Division 3 South"]
[Site "Milton Keynes, ENG"]
[Date "2022.06.25"]
[Round "7.23"]
[White "Calvert, D Ian"]
[Black "Byway, Paul V"]
[Result "1/2-1/2"]
[WhiteElo "2004"]
[BlackElo "2017"]
[PlyCount "78"]
[EventDate "2022.06.25"]
[WhiteTeam "Iceni 1"]
[BlackTeam "Poisoned Pawns"]

1. b3 e5 2. Bb2 d6 3. e3 Nf6 4. Nf3 g6 5. d4 e4 6. Nfd2 d5 7. c4 c6 8. Nc3 Be7
9. Be2 O-O 10. O-O b6 11. f3 exf3 12. Bxf3 Bb7 13. e4 dxe4 14. Ndxe4 Nbd7 15.
Qd2 Nxe4 16. Nxe4 f5 17. Nc3 Bg5 18. Qf2 Qc7 19. Rfe1 Nf6 20. h3 Rfe8 21. d5
cxd5 22. Nxd5 Nxd5 23. Bxd5+ Bxd5 24. cxd5 Qf4 25. Qxf4 Bxf4 26. Kf2 Rad8 27.
Rxe8+ Rxe8 28. Rd1 Bd6 29. Kf3 h5 30. g4 fxg4+ 31. hxg4 Rf8+ 32. Ke3 hxg4 33.
Rh1 Rf3+ 34. Ke4 Rh3 35. Rc1 Rh2 36. Bd4 g3 37. Rc6 Rh4+ 38. Kf3 Rxd4 39. Rxd6
Rd3+ {#d} 1/2-1/2

[Event "4NCL Division 3 South"]
[Site "Milton Keynes, ENG"]
[Date "2022.06.25"]
[Round "7.24"]
[White "Rosen, Daniel B"]
[Black "Ortiz Sanchez, Luis"]
[Result "1/2-1/2"]
[WhiteElo "1979"]
[BlackElo "1995"]
[PlyCount "76"]
[EventDate "2022.06.25"]
[WhiteTeam "Poisoned Pawns"]
[BlackTeam "Iceni 1"]

1. e4 c5 2. Nc3 Nc6 3. f4 g6 4. Nf3 Bg7 5. Bc4 e6 6. O-O Nge7 7. d3 d5 8. Bb5
O-O 9. Bxc6 Nxc6 10. Qe1 Nd4 11. Nxd4 cxd4 12. Nd1 dxe4 13. dxe4 Bd7 14. Bd2
Qb6 15. Kh1 Rfc8 16. c3 dxc3 17. Bxc3 Bxc3 18. bxc3 Qa5 19. Rf3 Rc5 20. e5 Qa4
21. Nb2 Qc2 22. Nd3 Rd5 23. Nb4 Qd2 24. Nxd5 Qxe1+ 25. Rxe1 exd5 26. Rd3 Be6
27. Kg1 Rc8 28. Rc1 Rc5 29. Kf2 Ra5 30. Rd2 Ra4 31. g3 Ra5 32. Ke3 Ra4 33. Rb1
b6 34. Rb4 Ra3 35. Kd4 Kg7 36. Rg2 Bh3 37. Rd2 Be6 38. Rg2 Bh3 {#d} 1/2-1/2

[Event "4NCL Division 3 South"]
[Site "Milton Keynes, ENG"]
[Date "2022.06.25"]
[Round "7.25"]
[White "Gibbs, Dominic V"]
[Black "Kemp, Paul R"]
[Result "1/2-1/2"]
[WhiteElo "1984"]
[BlackElo "1995"]
[PlyCount "62"]
[EventDate "2022.06.25"]
[WhiteTeam "Iceni 1"]
[BlackTeam "Poisoned Pawns"]

1. e4 c6 2. d3 d5 3. Nd2 e5 4. Ngf3 Bd6 5. d4 exd4 6. exd5 Qe7+ 7. Qe2 d3 8.
Qxe7+ Nxe7 9. Ne4 Bb4+ 10. c3 cxd5 11. Ned2 Bc5 12. Nb3 Bb6 13. Bxd3 Bf5 14.
Bxf5 Nxf5 15. O-O O-O 16. Re1 Nc6 17. Bf4 Rfd8 18. Rad1 h5 19. h3 f6 20. g4
hxg4 21. hxg4 Nfe7 22. Be3 Bxe3 23. Rxe3 Kf7 24. Nbd4 Ng6 25. Nxc6 bxc6 26. Nd4
Rac8 27. f3 Nf4 28. Rde1 Rc7 29. b4 g6 30. Ne6 Nxe6 31. Rxe6 d4 {#d} 1/2-1/2

[Event "4NCL Division 3 South"]
[Site "Milton Keynes, ENG"]
[Date "2022.06.25"]
[Round "7.26"]
[White "McMahon, Paul"]
[Black "Wilks, Simon"]
[Result "1-0"]
[WhiteElo "1904"]
[BlackElo "1910"]
[PlyCount "67"]
[EventDate "2022.06.25"]
[WhiteTeam "Poisoned Pawns"]
[BlackTeam "Iceni 1"]

1. e4 Nf6 2. Nc3 d6 3. d4 g6 4. Bf4 Bg7 5. Qd2 c6 6. Nf3 b5 7. Bd3 Bg4 8. Bh6
Bxh6 9. Qxh6 Bxf3 10. gxf3 b4 11. Ne2 Qa5 12. Qd2 Nbd7 13. Ng3 c5 14. d5 Ne5
15. Be2 h5 16. f4 Ned7 17. h4 Rc8 18. a3 Qb6 19. O-O Ng4 20. Kg2 a5 21. f3 Ngf6
22. b3 O-O 23. f5 Kh7 24. fxg6+ fxg6 25. f4 bxa3 26. f5 Rg8 27. Kh3 Qb4 28. c3
Nxe4 29. fxg6+ Rxg6 30. Nxe4 Qxe4 31. Bxh5 Rg3+ 32. Kxg3 Rg8+ 33. Kh3 Ne5 34.
Rae1 {#r} 1-0

[Event "4NCL Division 3 South"]
[Site "Milton Keynes, ENG"]
[Date "2022.06.25"]
[Round "7.31"]
[White "Finn, Peter"]
[Black "Rich, Mark C"]
[Result "0-1"]
[WhiteElo "2174"]
[BlackElo "2065"]
[PlyCount "70"]
[EventDate "2022.06.25"]
[WhiteTeam "CSC 1"]
[BlackTeam "Cambridge University 2"]

1. e4 c5 2. Nf3 a6 3. c4 Nc6 4. d4 cxd4 5. Nxd4 e5 6. Nxc6 bxc6 7. Nc3 Bc5 8.
Bd3 Nf6 9. O-O d6 10. Qf3 h6 11. Be3 Bxe3 12. Qxe3 O-O 13. Rad1 Qa5 14. Bb1 Rd8
15. Rd3 Be6 16. b3 Rd7 17. Rfd1 Rad8 18. Na4 Bxc4 19. Rc3 Bb5 20. Nb6 Rb7 21.
Nc4 Qc7 22. Nb2 a5 23. a4 Ba6 24. Rdc1 c5 25. Bd3 Bxd3 26. Rxd3 Rb4 27. Nc4 d5
28. exd5 Rxd5 29. Rxd5 Nxd5 30. Qf3 Nf4 31. g3 Ne6 32. Qa8+ Kh7 33. Nxa5 Nd4
34. Qe4+ f5 35. Qa8 Ne2+ {#r} 0-1

[Event "4NCL Division 3 South"]
[Site "Milton Keynes, ENG"]
[Date "2022.06.25"]
[Round "7.32"]
[White "Atako, Chino C"]
[Black "Amato, Giampiero"]
[Result "1-0"]
[WhiteElo "1997"]
[BlackElo "2006"]
[PlyCount "95"]
[EventDate "2022.06.25"]
[WhiteTeam "Cambridge University 2"]
[BlackTeam "CSC 1"]

1. d4 Nf6 2. c4 g6 3. Nc3 Bg7 4. e4 d6 5. f3 O-O 6. Be3 b6 7. Nge2 c5 8. d5 e6
9. Ng3 exd5 10. cxd5 a6 11. a4 Nbd7 12. Be2 h5 13. O-O h4 14. Nh1 Nh7 15. Nf2
f5 16. exf5 gxf5 17. Qd2 Ne5 18. Bh6 Ra7 19. Kh1 Qf6 20. Bxg7 Rxg7 21. f4 Qg6
22. Rg1 Qh6 23. Rad1 Ng6 24. Nh3 Re8 25. Bd3 Rge7 26. Rde1 Ne5 27. Be2 Nf6 28.
Ng5 Neg4 29. Bd3 Nh5 30. Nh3 Qf6 31. Rxe7 Qxe7 32. Nd1 Nhf6 33. Rf1 Ne4 34. Qc2
Qf6 35. Ng5 Nxg5 36. fxg5 Qxg5 37. h3 Nh6 38. Nc3 Re5 39. Ne2 Kg7 40. Nf4 Kf8
41. b4 Nf7 42. a5 Re8 43. axb6 cxb4 44. Qa4 Re7 45. Bxa6 Re4 46. Bxc8 Rxf4 47.
Ra1 Qd8 48. b7 {#r} 1-0

[Event "4NCL Division 3 South"]
[Site "Milton Keynes, ENG"]
[Date "2022.06.25"]
[Round "7.33"]
[White "Sparkes, Daniel A"]
[Black "Chan, Nevil"]
[Result "1/2-1/2"]
[WhiteElo "1964"]
[BlackElo "2012"]
[PlyCount "63"]
[EventDate "2022.06.25"]
[WhiteTeam "CSC 1"]
[BlackTeam "Cambridge University 2"]

1. e4 b6 2. d4 Bb7 3. Nc3 e6 4. Nf3 Bb4 5. Bd3 Nf6 6. e5 Ne4 7. Bd2 Nxd2 8.
Qxd2 Be7 9. O-O-O Bxf3 10. gxf3 d5 11. exd6 cxd6 12. Rhg1 g6 13. d5 e5 14. f4
Nd7 15. Bb5 exf4 16. Qxf4 O-O 17. Bxd7 Qxd7 18. Ne4 f5 19. Ng5 Bxg5 20. Qxg5
Rfe8 21. h4 Qe7 22. h5 Qxg5+ 23. Rxg5 Kf7 24. Rdg1 Rg8 25. Kd2 Rae8 26. c4 Re4
27. Kd3 Rf4 28. R1g2 Rh4 29. hxg6+ hxg6 30. a4 Rh1 31. R2g3 Kf6 32. Rg1 {#d}
1/2-1/2

[Event "4NCL Division 3 South"]
[Site "Milton Keynes, ENG"]
[Date "2022.06.25"]
[Round "7.34"]
[White "Blackie, Neville J"]
[Black "Stayt, James N"]
[Result "1-0"]
[WhiteElo "2076"]
[BlackElo "1924"]
[PlyCount "63"]
[EventDate "2022.06.25"]
[WhiteTeam "Cambridge University 2"]
[BlackTeam "CSC 1"]

1. e4 e6 2. d4 d5 3. Nc3 Bb4 4. e5 c5 5. a3 Bxc3+ 6. bxc3 Ne7 7. Nf3 Bd7 8. a4
Qc7 9. Qd2 b6 10. h4 Nbc6 11. Ba6 h6 12. h5 Na5 13. O-O Bc8 14. Bb5+ Bd7 15.
Ba6 Bc8 16. Bd3 Bb7 17. Qf4 f5 18. exf6 Qxf4 19. Bxf4 gxf6 20. Rfe1 Kf7 21. Nh4
f5 22. Ng6 Rhe8 23. Nxe7 Rxe7 24. Bxh6 Rh8 25. Bg5 Ree8 26. h6 Reg8 27. f4 Bc8
28. Kf2 c4 29. Be2 Kg6 30. Rh1 Rf8 31. Bh5+ Kh7 32. Be7 {#r} 1-0

[Event "4NCL Division 3 South"]
[Site "Milton Keynes, ENG"]
[Date "2022.06.25"]
[Round "7.35"]
[White "Vachtfeidl, Petr"]
[Black "Webster, Peter A N"]
[Result "1/2-1/2"]
[WhiteElo "1874"]
[BlackElo "1937"]
[PlyCount "62"]
[EventDate "2022.06.25"]
[WhiteTeam "CSC 1"]
[BlackTeam "Cambridge University 2"]

1. d4 e6 2. c4 Nf6 3. Nc3 Bb4 4. e3 c5 5. Nge2 d5 6. a3 Bxc3+ 7. Nxc3 cxd4 8.
exd4 Nc6 9. Be3 O-O 10. Be2 dxc4 11. Bxc4 a6 12. O-O b5 13. Ba2 Bb7 14. d5 Nxd5
15. Nxd5 exd5 16. Bxd5 Qf6 17. Qf3 Qxf3 18. Bxf3 Na5 19. Bxb7 Nxb7 20. Rfd1
Rfd8 21. Bb6 Rd6 22. Bc7 Rxd1+ 23. Rxd1 Rc8 24. Be5 f6 25. Bc3 Nc5 26. Rd6 Ne4
27. Rxa6 Nxc3 28. bxc3 Rxc3 29. Kf1 Rc2 30. Rb6 Ra2 31. Rxb5 Rxa3 {#d} 1/2-1/2

[Event "4NCL Division 3 South"]
[Site "Milton Keynes, ENG"]
[Date "2022.06.25"]
[Round "7.36"]
[White "Patel, Rishi"]
[Black "Evans, Harry G"]
[Result "1-0"]
[WhiteElo "1908"]
[BlackElo "1881"]
[PlyCount "47"]
[EventDate "2022.06.25"]
[WhiteTeam "Cambridge University 2"]
[BlackTeam "CSC 1"]

1. e4 c6 2. d4 d5 3. Nc3 dxe4 4. Nxe4 Nf6 5. Ng3 Bg4 6. Qd3 g6 7. h3 Be6 8. Nf3
Bg7 9. Ng5 Bc8 10. c3 Nbd7 11. h4 h6 12. Nf3 Nb6 13. Bd2 Be6 14. b3 a5 15. Be2
a4 16. Rb1 O-O 17. h5 Nxh5 18. Rxh5 gxh5 19. Nxh5 Qd5 20. Nh4 axb3 21. Qg3 Qxh5
22. Bxh5 bxa2 23. Ra1 Ra5 24. Bxh6 {#r} 1-0

[Event "4NCL Division 3 South"]
[Site "Milton Keynes, ENG"]
[Date "2022.06.25"]
[Round "7.41"]
[White "Cooksey, Paul S"]
[Black "Scott, David A"]
[Result "1-0"]
[WhiteElo "2282"]
[BlackElo "2124"]
[PlyCount "113"]
[EventDate "2022.06.25"]
[WhiteTeam "Crowthorne A"]
[BlackTeam "Surbiton"]

1. c4 c6 2. Nf3 d5 3. d4 Nf6 4. Qc2 dxc4 5. Qxc4 Bf5 6. g3 e6 7. Bg2 Be7 8. O-O
O-O 9. Rd1 Nbd7 10. e3 Qc7 11. Nc3 Ne4 12. Bd2 Nxc3 13. Bxc3 Be4 14. Qe2 Rad8
15. Rac1 Nb6 16. Bf1 Nd5 17. Nd2 Nxc3 18. Rxc3 Bg6 19. Bg2 Bb4 20. Rcc1 Bxd2
21. Rxd2 Qe7 22. Rc5 Rd7 23. Rd1 Rfd8 24. Rdc1 h6 25. a3 Qe8 26. f4 f6 27. b4
a6 28. h3 Re7 29. Qf2 e5 30. dxe5 fxe5 31. f5 Bf7 32. f6 Re6 33. fxg7 Kxg7 34.
Rf1 Rdd6 35. Qb2 Bg6 36. Kh2 Kh7 37. h4 Re7 38. Rf2 Kg7 39. a4 Rf6 40. Rd2 Bf5
41. b5 axb5 42. axb5 Bd7 43. b6 Kf7 44. Ra5 Bg4 45. Qa1 Kg6 46. Ra8 Qf7 47. Qa4
Kh5 48. Qe4 Qg6 49. Qb4 Rg7 50. Ra5 Re6 51. Rf2 Bd1 52. Qf4 Rge7 53. Be4 Qg4
54. Qf5+ Qxf5 55. Rxf5+ Kg4 56. Rf1 Bb3 57. Bf5+ {#r} 1-0

[Event "4NCL Division 3 South"]
[Site "Milton Keynes, ENG"]
[Date "2022.06.25"]
[Round "7.42"]
[White "Seymour, Timothy P"]
[Black "Webb, Richard M"]
[Result "0-1"]
[WhiteElo "2083"]
[BlackElo "2199"]
[PlyCount "62"]
[EventDate "2022.06.25"]
[WhiteTeam "Surbiton"]
[BlackTeam "Crowthorne A"]

1. Nf3 c5 2. b3 Nf6 3. Bb2 g6 4. e3 Bg7 5. Be2 O-O 6. O-O Nc6 7. d4 cxd4 8.
Nxd4 d5 9. Nxc6 bxc6 10. c4 e6 11. cxd5 cxd5 12. Be5 Bb7 13. Nc3 Nd7 14. Bxg7
Kxg7 15. Rc1 Qb6 16. Qd2 Rfc8 17. Na4 Qd6 18. Qa5 e5 19. Rfd1 Rxc1 20. Rxc1 Nb6
21. Ba6 Bxa6 22. Qxa6 Qa3 23. Rc2 Nxa4 24. bxa4 Rb8 25. g3 Rb1+ 26. Kg2 Qb4 27.
Rc7 Qe4+ 28. Kh3 Qf5+ 29. Kg2 Rb2 30. Qf1 Qe4+ 31. Kh3 Qf3 {#R} 0-1

[Event "4NCL Division 3 South"]
[Site "Milton Keynes, ENG"]
[Date "2022.06.25"]
[Round "7.43"]
[White "Thompson, Ian D"]
[Black "Faulks, Nick"]
[Result "1-0"]
[WhiteElo "2059"]
[BlackElo "1827"]
[PlyCount "75"]
[EventDate "2022.06.25"]
[WhiteTeam "Crowthorne A"]
[BlackTeam "Surbiton"]

1. c4 c5 2. Nc3 Nf6 3. g3 d5 4. cxd5 Nxd5 5. Bg2 Nc7 6. Nf3 Nc6 7. a3 e5 8. b4
cxb4 9. axb4 Bxb4 10. Nxe5 Bxc3 11. Nxc6 bxc6 12. Bxc6+ Bd7 13. Bxd7+ Qxd7 14.
dxc3 Nb5 15. Qxd7+ Kxd7 16. c4 Nd6 17. c5 Ne4 18. Be3 Rhc8 19. Ra5 f6 20. f3
Rcb8 21. O-O Nc3 22. c6+ Kc8 23. Rfa1 Nxe2+ 24. Kf1 Nc3 25. Rxa7 Rb1+ 26. Rxb1
Rxa7 27. Bxa7 Nxb1 28. Bc5 Kc7 29. Bb4 Kxc6 30. Ke2 Kb5 31. Bf8 g6 32. Kd3 Ka4
33. Be7 Kb3 34. Bxf6 Na3 35. g4 Nb5 36. Be7 Nc7 37. Kd4 Kc2 38. f4 {#r} 1-0

[Event "4NCL Division 3 South"]
[Site "Milton Keynes, ENG"]
[Date "2022.06.25"]
[Round "7.44"]
[White "Davies, Neil"]
[Black "Coates, Kenneth G"]
[Result "1/2-1/2"]
[WhiteElo "1818"]
[BlackElo "2034"]
[PlyCount "78"]
[EventDate "2022.06.25"]
[WhiteTeam "Surbiton"]
[BlackTeam "Crowthorne A"]

1. Nf3 Nf6 2. d4 d5 3. g3 g6 4. Bg2 Bg7 5. O-O O-O 6. c4 c6 7. Nc3 Bg4 8. Qb3
Qb6 9. cxd5 Qxb3 10. axb3 cxd5 11. Ne5 Be6 12. Bd2 Nc6 13. e3 Rfd8 14. Nb5 Nxe5
15. dxe5 Ne4 16. Bxe4 dxe4 17. Nc7 Rac8 18. Nxe6 Rxd2 19. Nxg7 Rxb2 20. Rxa7
Rxb3 21. Ne6 fxe6 22. Ra4 Rb2 23. Rxe4 b5 24. Rd1 Rf8 25. Rf4 Rxf4 26. exf4 Kf7
27. h4 h6 28. Kg2 b4 29. Kf3 b3 30. Ke3 g5 31. hxg5 hxg5 32. fxg5 Kg6 33. Rd2
Rb1 34. Kd3 Kxg5 35. Kc3 Kf5 36. Rb2 Re1 37. Kxb3 Rxe5 38. Kc3 Kf6 39. Kd3 Ra5
{#d} 1/2-1/2

[Event "4NCL Division 3 South"]
[Site "Milton Keynes, ENG"]
[Date "2022.06.25"]
[Round "7.45"]
[White "Purdon, Colin"]
[Black "Boughen, Andrew"]
[Result "1/2-1/2"]
[WhiteElo "1985"]
[BlackElo "1797"]
[PlyCount "83"]
[EventDate "2022.06.25"]
[WhiteTeam "Crowthorne A"]
[BlackTeam "Surbiton"]

1. d4 Nf6 2. c4 e6 3. Nc3 d5 4. Bg5 Be7 5. e3 O-O 6. Nf3 Nbd7 7. Rc1 c6 8. Bd3
dxc4 9. Bxc4 Nd5 10. Bxe7 Qxe7 11. O-O Nxc3 12. Rxc3 e5 13. h3 h6 14. Bb3 e4
15. Nd2 Nf6 16. Rc5 Nd7 17. Rc3 Nf6 18. f3 Be6 19. Nxe4 Nxe4 20. fxe4 Bxb3 21.
Qxb3 Qxe4 22. Qxb7 Rab8 23. Qxc6 Qxc6 24. Rxc6 Rxb2 25. Ra6 Rc8 26. Rxa7 Rcc2
27. Rfxf7 Rxg2+ 28. Kf1 Rgc2 29. Rxg7+ Kf8 30. Raf7+ Ke8 31. Kg1 Rxa2 32. Rf1
Re2 33. Rb1 Kf8 34. Rc7 Rxe3 35. Rb8+ Re8 36. Rxe8+ Kxe8 37. Rc6 Rd2 38. Rxh6
Rxd4 39. Rf6 Rd7 40. Kg2 Rg7+ 41. Kf3 Rf7 42. Rxf7 {#d} 1/2-1/2

[Event "4NCL Division 3 South"]
[Site "Milton Keynes, ENG"]
[Date "2022.06.25"]
[Round "7.46"]
[White "Alcock, Graham P"]
[Black "McKean, Matthew"]
[Result "1-0"]
[WhiteElo "1757"]
[BlackElo "1400"]
[PlyCount "43"]
[EventDate "2022.06.25"]
[WhiteTeam "Surbiton"]
[BlackTeam "Crowthorne A"]

1. e4 e5 2. Nf3 Nc6 3. c3 Nf6 4. d4 exd4 5. e5 Ng4 6. cxd4 Bb4+ 7. Bd2 O-O 8.
Nc3 Re8 9. Be2 Ngxe5 10. dxe5 Nxe5 11. O-O c6 12. a3 Ba5 13. Re1 d5 14. Nxe5
Rxe5 15. b4 d4 16. bxa5 dxc3 17. Bxc3 Qxd1 18. Raxd1 Re8 19. Bc4 Be6 20. Bxe6
Rxe6 21. Rxe6 fxe6 22. Rd7 {#r} 1-0

[Event "4NCL Division 3 South"]
[Site "Milton Keynes, ENG"]
[Date "2022.06.25"]
[Round "7.51"]
[White "Balasundaram, Sivasatyan"]
[Black "Tippleston, Charles E"]
[Result "1-0"]
[WhiteElo "1769"]
[BlackElo "2077"]
[PlyCount "97"]
[EventDate "2022.06.25"]
[WhiteTeam "Cambridge University Y"]
[BlackTeam "MK Phoenix 1"]

1. c4 e5 2. Nc3 Nf6 3. g3 Nc6 4. Bg2 Bc5 5. d3 O-O 6. Nf3 Re8 7. O-O h6 8. a3
a5 9. Bd2 d6 10. Na4 Ba7 11. b4 axb4 12. axb4 e4 13. dxe4 Nxe4 14. e3 Nxd2 15.
Qxd2 Qf6 16. c5 Bg4 17. Nd4 Nxd4 18. Qxd4 Qxd4 19. exd4 c6 20. Rfe1 d5 21. h3
Be6 22. Nb2 b6 23. Ra6 Reb8 24. Rea1 bxc5 25. Rxa7 Rxa7 26. Rxa7 Rxb4 27. Nd3
Rb1+ 28. Kh2 cxd4 29. Ra4 Rd1 30. Nc5 Bf5 31. g4 Bc2 32. Rb4 g5 33. Bf3 Rd2 34.
Rb2 Rxf2+ 35. Kg3 Rd2 36. Nb3 Bxb3 37. Rxd2 c5 38. Rb2 Bc4 39. Rb8+ Kg7 40. Rd8
Kf6 41. Bxd5 Ke7 42. Bxc4 Kxd8 43. Bxf7 Ke7 44. Bc4 Kf6 45. Kf3 Kg6 46. Ke4 h5
47. Kd5 hxg4 48. hxg4 Kf6 49. Bd3 {#r} 1-0

[Event "4NCL Division 3 South"]
[Site "Milton Keynes, ENG"]
[Date "2022.06.25"]
[Round "7.52"]
[White "Freeman, Richard C P"]
[Black "Ivan, Austin"]
[Result "1/2-1/2"]
[WhiteElo "2037"]
[BlackElo "1719"]
[PlyCount "85"]
[EventDate "2022.06.25"]
[WhiteTeam "MK Phoenix 1"]
[BlackTeam "Cambridge University Y"]

1. d4 d5 2. Bf4 e6 3. e3 Nf6 4. Nd2 Bd6 5. Bg3 Bxg3 6. hxg3 c5 7. c3 Qb6 8. Qc2
Nc6 9. Ngf3 cxd4 10. exd4 Bd7 11. Bd3 h6 12. O-O Rc8 13. Qb3 Na5 14. Qxb6 axb6
15. Ne5 Ke7 16. f4 Nc6 17. Ndf3 Nxe5 18. Nxe5 h5 19. Rae1 Ng4 20. Nxg4 hxg4 21.
Bf5 Kd6 22. Bxg4 f5 23. Be2 b5 24. a3 Rcg8 25. Kf2 g5 26. Rh1 g4 27. Rh4 Rxh4
28. gxh4 Be8 29. g3 Bd7 30. Ke3 Rc8 31. Kd2 Kc6 32. Ra1 Kb6 33. Bd1 Be8 34. Kc2
Bf7 35. b3 Ra8 36. Kb2 Be8 37. a4 bxa4 38. bxa4 Ka5 39. Bb3 Rc8 40. Ra3 Bf7 41.
Bc2 Be8 42. Rb3 b6 43. Ra3 {#d} 1/2-1/2